Käärijä songs - Statistics

General Stats
  • This quiz has been taken 94 times
  • The average score is 14 of 34
Answer Stats
Answer % Correct
Cha Cha Cha
100%
It's Crazy It's Party
66%
Mic Mac
61%
Välikuolema
59%
Huhhahhei
55%
Viulunkieli
51%
Paidaton riehuja
48%
ROCK ROCK
48%
Auto jää
46%
Fantastista
45%
Hirttää kiinni
44%
Siitä viis
42%
Peliä
42%
Alaks Olee
41%
Yhtä vailla
41%
Z
41%
Klo23
39%
Koppi tules
38%
Online
38%
Punainen Marli
38%
Menestynyt yksilö
37%
Urheilujätkä
37%
Aikuinen
35%
AJOA
35%
Intro
35%
Kiertävä sirkus
35%
Cha Cha Cha (Alan Walker Remix)
34%
Puuta Heinää
34%
Miljonääri
30%
Nou Roblem
30%
Cha Cha Cha (Reggae Mix)
28%
Cha Cha Cha (YES YES Remix)
28%
ROCK ROCK (Daun Lou Remix)
24%
Cha Cha Cha (Faustix Remix)
23%
No matching quizzes found
Score Distribution
Percent of People with Each Score
Percentile by Number Answered
Your Score History
You have not taken this quiz